000 00685nam a2200229 a 4500
008
020 _a0748722424 (pbk.)
049 _aMAIN
090 _aHQ769 HOB.
100 1 _aHobart Christine.
245 1 0 _aA practical guide to working with young children /
_cChristine Hobart and Jill Frankel.
260 _aCheltenham :
_bStanley Thornes,
_c1996.
300 _a2nd ed.
300 _aix, 113 p. :
_bill. ;
_c24 cm.
504 _aIncludes bibliographical references.
700 _aFrankel, Jill.
907 _a.b10232540
_b19-02-07
_c16-02-07
003
005 20230123134400.0
040 _cNUST
942 _cBOOKS
_kHQ769 HOB.
999 _c164955
_d164955